| 000 | 00474nam a2200133Ia 4500 | ||
|---|---|---|---|
| 008 | 171212s9999 xx 000 0 und d | ||
| 020 | _a9781921862793 | ||
| 245 |
_ceditor McKay, Huw;Song, Ligang _aRebalancing and Sustaining Growth in China |
||
| 260 |
_bANU E Press _c2012 |
||
| 440 | _aChina Update Series | ||
| 650 | _aChina -- Economic conditions; China -- Economic policy; China -- Commerce | ||
| 650 | _aEconomics | ||
| 856 | _uwww.jstor.org/stable/10.2307/j.ctt24hd16 | ||
| 999 |
_c351287 _d351287 |
||